Správne musíme sformulovať ciele firmy udrží sa jedine ten, kto sa prispôsobí a zároveň sa naučí žiť v neistote

Neustále zvyšovanie miery neistoty v podmienkach moderného podnikania. Uplatnenie princípu voľby pri rozhodovaní. Rozhodovanie do budúcnosti na príklade zámeru zavedenia výroby nového výrobku. Strategický riadiaci proces. Základné podmienky úspešného strategického rozhodovania. Varianty strategickéh...

Descripción completa

Guardado en:
Detalles Bibliográficos
Autor principal: Čunderlík, Dušan
Formato: Capítulo de libro
Lenguaje:eslovaco
Materias:
Etiquetas: Agregar Etiqueta
Sin Etiquetas, Sea el primero en etiquetar este registro!

MARC

LEADER 00000naa a2200000 4500
001 r033274
005 20230824095745.2
041 0 |a slo 
044 |a SK 
245 1 0 |a Správne musíme sformulovať ciele firmy  |b udrží sa jedine ten, kto sa prispôsobí a zároveň sa naučí žiť v neistote  |c Dušan Čunderlík 
520 |a Neustále zvyšovanie miery neistoty v podmienkach moderného podnikania. Uplatnenie princípu voľby pri rozhodovaní. Rozhodovanie do budúcnosti na príklade zámeru zavedenia výroby nového výrobku. Strategický riadiaci proces. Základné podmienky úspešného strategického rozhodovania. Varianty strategického rozhodovania. Vyjadrenie poslania firmy. 
610 2 0 |a rozhodovanie 
610 2 0 |a rozhodovanie strategické 
610 2 0 |a ciele podnikové 
610 2 0 |a misia 
610 2 0 |a manažéri 
610 2 0 |a riadenie strategické 
100 1 |a Čunderlík, Dušan